Geografía humana

Guardat en:
Dades bibliogràfiques
Autor principal: Derrau, Max (Autor)
Format: Llibre
Idioma:espanyol
Publicat: Barcelona Vicens Vives 1985
Matèries:
Etiquetes: Afegir etiqueta
Sense etiquetes, Sigues el primer a etiquetar aquest registre!

MARC

LEADER 00000nam a2200000 a 4500
001 UCZ1084
003 CL-VaPUC
008 950810e19850000SP |||||||||||||||||spa|d
082 0 4 |a 304.2  |b DER  |2 21 
100 0 |a Derrau, Max  |e author  |9 344478 
245 1 0 |a Geografía humana 
300 |a 477 p 
942 |c BK 
945 |d 19950810 00:00:00  |a awong 
260 |a Barcelona  |b Vicens Vives  |c 1985 
650 0 |a Geografía humana  |9 267193 
650 0 |a Población  |9 257577 
650 7 |a TRANSPORTES  |2 CL-VaPUC  |9 344479 
650 0 |a Ciudades  |9 265474 
650 7 |a REGIONES AGRICOLAS  |2 CL-VaPUC  |9 344480 
583 |a last modification  |c 19950810 00:00:00  |k Rodrigo Vera 
999 |c 237901  |d 237899 
952 |0 0  |1 0  |4 0  |6 304_200000000000000_DER_1985  |7 0  |8 A  |9 247673  |a BIBING  |b BIBING  |d 2019-11-18  |i 3121402  |o 304.2 DER 1985  |p 3121402  |r 2025-01-20  |w 2019-11-18  |y BK  |k GEO